Bồi dưỡng tính tự giác, tích cực, độc lập trong học tập cho sinh viên các trường đại học hiện nay

সংরক্ষণ করুন:
গ্রন্থ-পঞ্জীর বিবরন
প্রধান লেখক: Nguyễn, Thái Bảo
বিন্যাস: গ্রন্থ
ভাষা:Undetermined
বিষয়গুলি:
অনলাইন ব্যবহার করুন:http://lrc.tdmu.edu.vn/opac/search/detail.asp?aID=2&ID=20601
ট্যাগগুলো: ট্যাগ যুক্ত করুন
কোনো ট্যাগ নেই, প্রথমজন হিসাবে ট্যাগ করুন!
Thư viện lưu trữ: Trung tâm Học liệu Trường Đại học Thủ Dầu Một
LEADER 00724nam a2200145Ia 4500
001 TDMU_20601
008 210410s9999 xx 000 0 und d
082 |a 378 
100 |a Nguyễn, Thái Bảo 
245 0 |a Bồi dưỡng tính tự giác, tích cực, độc lập trong học tập cho sinh viên các trường đại học hiện nay 
245 0 |c Nguyễn Thái Bảo 
300 |a Tr.18-19 
650 |a Giáo dục đại học  |x Phương pháp giảng dạy và học tập; Sinh viên; Tự giác; Tích cực; Độc lập 
856 |u http://lrc.tdmu.edu.vn/opac/search/detail.asp?aID=2&ID=20601 
980 |a Trung tâm Học liệu Trường Đại học Thủ Dầu Một